000 00629nam a2200241 a 4500
001 0001-0988
003 ELIB.Books
008 141014 2010 eng
020 _a0275973727
035 _a(ELIB.Books)0001-1142
092 _a291-1
_bGor
100 _aGorsuch, Richard L.
245 _aIntergrating Psychology and Spirituality?
260 _aLondon
_bPraeger Press
_c2002
300 _a189
_c23.5 Cm
500 _aDr. Yahalaylayla
650 _aPsychology & Religion
856 _nKBTS; Library
_uKBTS; Elib.
942 _2ddc
_cBK
990 _a1
998 _cbat
_e2014-10-14
999 _c10988
_d10988